00694nam a22002057a 4500003000400000005001700004008004100021020001800062040003000080050002200110100002700132245005100159260004900210300001000259650002800269650002400297942001800321952013200339999001700471OSt20240201123031.0231003b |||||||| |||| 00| 0 eng d a9781107046627 cChuka University Library aK 2263b.W35 2014 aWalton, Douglas912848 aBurden of Proof, Presumption and Argumentation aNew YorkbCambridge University Press c2014 a307p. aBurden of Proof 912849 aProof theory913781 2lcccBKn001 00102lcc4070aCHKbCHKcGENd2023-10-03l1oK 2263 .W35 2014p14018/2018r2023-10-16 00:00:00s2023-10-03t2w2023-10-03yBK c15526d15526